| 000 | 01289nam a22002177a 4500 | ||
|---|---|---|---|
| 008 | 100624t xxu||||| |||| 00| 0 eng d | ||
| 020 | _a0393306143 | ||
| 082 |
_222 _bب ر ا _a301.31 |
||
| 100 | 1 |
_915175 _aبراون، لستر |
|
| 245 |
_aتقييم 1990 عن وضع العالم / _cلستر ر. براون ... واخ؛ ترجمة سيد رمضان هدارة؛ تحرير شويكار محمد زكي، إيناس عفت. |
||
| 260 |
_aالقاهرة : _bالجمعية المصرية لنشر المعرفة والثقافة العالمية ، _c1992. |
||
| 300 |
_a332 ص : _c24 سم. |
||
| 500 | _a" تقرير معهد مراقبة البيئة العالمية نحو تحقيق التقدم المتواصل للمجتمع --- "غلاف | ||
| 500 | _aState of the world 1990, by Lester R. Brown et.al. Copyright 1990 by Worldwatch Institute. | ||
| 650 | 0 |
_915265 _aتلوث البيئة |
|
| 700 | 1 |
_915176 _aهدارة، سيد رمضان |
|
| 700 | 1 |
_915177 _aزكي، شويكار محمد |
|
| 700 | 1 |
_915178 _aعفت، إيناس |
|
| 942 |
_2ddc _cBB |
||
| 999 |
_c14205 _d14205 |
||